| 000 | 00979nam a22002177a 4500 | ||
|---|---|---|---|
| 005 | 20120103102827.0 | ||
| 010 | _aB-477170-171 | ||
| 020 |
_a9789380078144 _c175.00 |
||
| 035 | _aB-477170-171 | ||
| 037 | _bBlue Berry/Ven | ||
| 082 | _aS | ||
| 245 |
_aClassic short stories / _cby Anton Chekhov...(et al) |
||
| 260 |
_aNew Delhi _bMaanu Graphics _c(201?) |
||
| 270 |
_a5FF, Ganpati Bhawan, 21, Ansari Road, Darya Ganj _bNew Delhi _e110002 |
||
| 300 |
_a560p. _c20cm(pbk) |
||
| 700 |
_a Chekhov, Anton _937849 |
||
| 942 |
_2ddc _cCH _mCLA _hS |
||
| 999 |
_c60142 _d60142 |
||